000 00729nam a22002417a 4500
999 _c169496
_d169496
005 20191122102222.0
010 _aENG-126969
020 _a9788181715296
_c5330.00
035 _aEN-110501
037 _bDBAD/PUB
082 _a591.954
100 _aChandra, Kailash
245 _aFaunal diversity of mangrove ecosystem in India /
_cby Kailash Chandra ... [et al]
260 _aKolkata
_bDirector, Zoological Survey of India
_c2019
270 _aM-Block, Kolkata
_bNew Alipore
_e700053
300 _a735p.
_c23cm(pbk)
500 _aIncludes references
700 _aChandra, Kailash
700 _aGopi, K.C.
700 _aMishra, S.S.
700 _aRaghunathan, C.
942 _2ddc
_cEN
_h591.954
_mFAU